| 000 | 00902nam a2200241 a 4500 | ||
|---|---|---|---|
| 001 | 50966 | ||
| 003 | BD-RjUL | ||
| 005 | 20211209075606.0 | ||
| 008 | 160829s1925 enk 000 0 eng d | ||
| 035 | _a(BD-RjUL) 51086 | ||
| 040 |
_aDLC _cCLE _dEQO _dBD-RjUL _beng |
||
| 041 | _aeng | ||
| 082 |
_223 _a492.75 _bOLC 1925 |
||
| 100 | 1 |
_aO'Leary, De Lacy, _d1872-1957. _9132821 |
|
| 245 | 1 | 0 |
_aColloquial Arabic : _bwith notes on the vernacular speech of Egypt, Syria, and Mesopotamia, and an appendix on the local characteristics of Algerian dialect / _cby De Lacy O'Leary, D.D |
| 250 | _a2nd ed. | ||
| 260 |
_aLondon ; _aNew York : _bK. Paul, Trench, Trubner & co., ltd ; _bE.P. Dutton & Co, _c1925 |
||
| 300 |
_axviii, 80 p. ; _c19 cm |
||
| 650 | 0 |
_aArabic language _xDialects _9132822 |
|
| 650 | 0 |
_aArabic language _xGrammar _9132823 |
|
| 650 | 0 |
_aArabic language _xSpoken Arabic _9132824 |
|
| 942 |
_2ddc _cBK |
||
| 999 |
_c50966 _d50966 |
||